New York architecture = New York architektur/ (Record no. 607760)

000 -LEADER
fixed length control field 00596nam a22002057a 4500
003 - CONTROL NUMBER IDENTIFIER
control field OSt
005 - DATE AND TIME OF LATEST TRANSACTION
control field 20240215113743.0
008 - FIXED-LENGTH DATA ELEMENTS--GENERAL INFORMATION
fixed length control field 170512t xxu||||| |||| 00| 0 eng d
020 ## - INTERNATIONAL STANDARD BOOK NUMBER
International Standard Book Number 9788055600185
040 ## - CATALOGING SOURCE
Transcribing agency 0
082 ## - DEWEY DECIMAL CLASSIFICATION NUMBER
Classification number 747.85
Author Mark FAJ
100 1# - MAIN ENTRY--PERSONAL NAME
Personal name Fajardo, Julio
9 (RLIN) 120511
245 10 - TITLE STATEMENT
Title New York architecture = New York architektur/
Statement of responsibility, etc. Julio Fajardo.
260 ## - PUBLICATION, DISTRIBUTION, ETC.
Place of publication, distribution, etc. Spain:
Name of publisher, distributor, etc. LOFT,
Date of publication, distribution, etc. 2006.
300 ## - PHYSICAL DESCRIPTION
Extent 383p.:
Other physical details ill;
Dimensions 28 cm.
650 ## - SUBJECT ADDED ENTRY--TOPICAL TERM
Topical term or geographic name entry element Architecture
9 (RLIN) 9140
650 ## - SUBJECT ADDED ENTRY--TOPICAL TERM
Topical term or geographic name entry element Interior decoration
9 (RLIN) 9141
710 ## - ADDED ENTRY--CORPORATE NAME
Corporate name or jurisdiction name as entry element Etchetto,Mariana eguaras
9 (RLIN) 120512
942 ## - ADDED ENTRY ELEMENTS (KOHA)
Source of classification or shelving scheme
Koha item type Book
Institution code [OBSOLETE] SADA
Call number prefix 747.85 FAJ 2006
Holdings
Withdrawn status Lost status Source of classification or shelving scheme Damaged status Not for loan Permanent Location Current Location Date acquired Source of acquisition Total Checkouts Full call number Barcode Date last seen Cost, replacement price Price effective from Koha item type
          School of Art Design and Architecture (SADA) School of Art Design and Architecture (SADA) 01/05/2017 S.A.Rehman   747.85 FAJ 2006 SADA0002678 02/15/2024 932.40 02/15/2024 Book
© 2023 Central Library, National University of Sciences and Technology. All Rights Reserved.